000 00464nam a2200133Ia 4500
008 220620s9999||||xx |||||||||||||| ||und||
100 _aSzlachta, Jacek||Dziemianowicz, Wojciech
245 0 _aWarsaw
_bRevival and realignment (Volume 3)
546 _aEnglish[eng]
650 _aBusiness & Economics||Finance||General
700 _aInvestment Bank, European
856 _uhttps://library.oapen.org/bitstream/20.500.12657/43376/1/external_content.epub
942 _cEB
999 _c29953
_d29953